000 00588nam a22001937a 4500
005 20140416110841.0
010 _aENG-109347
020 _a9788172736408
_c725.00
035 _aEN-92880
037 _bDBAD/PUB
082 _a823.009954
100 _aAnita Balakrishnan
245 _aTransforming spirit of Indian women writers /
_cby Anita Balakrishnan
260 _a Delhi
_bAuthorspress
_c2012
270 _aE-35/103, Jawahar Park Laxmi Nagar
_b Delhi
_e110092
300 _axii,276p.
_c22cm(Hb)
500 _aIncludes index
942 _2ddc
_cEN
_mANI
_h823.009954
999 _c82613
_d82613